[Event "ch-FRA Blitz Online Qual"]
[Site "Europe-Chess INT"]
[Date "2020.05.16"]
[Round "6"]
[White "Zanin, Dario"]
[Black "Lesage, Margot"]
[Result "1-0"]
[WhiteElo "1918"]
[BlackElo "1598"]
[WhiteFideId "615919"]
[BlackFideId "45137013"]
[EventDate "2020.05.16"]

1. e4 c5 2. Nf3 Nc6 3. d4 cxd4 4. Nxd4 g6 5. Nxc6 bxc6 6. Qd4 Nf6 7. e5 Nd5 8.
c4 Nb4 9. Qc3 c5 10. a3 Nc6 11. e6 f6 12. exd7+ Bxd7 13. Be3 Qb6 14. b4 e5 15.
Bd3 cxb4 16. Bxb6 bxc3 17. Be3 Rb8 18. Nxc3 Rb3 19. Bd2 Bxa3 20. Bc2 Bb2 21.
Bxb3 Bxa1 22. O-O Bxc3 23. Bxc3 Be6 24. Ba4 Bd7 25. Rd1 Ke7 26. Bb2 Rb8 27. Ba3+
Kd8 28. Bxc6 Kc7 29. Bxd7 Rd8 30. Ba4 Rxd1+ 31. Bxd1 Kc6 32. Ba4+ Kb6 33. Be7 1-0

[Event "ch-FRA Blitz Online Qual"]
[Site "Europe-Chess INT"]
[Date "2020.05.16"]
[Round "6"]
[White "Delabre, Gaspard"]
[Black "Babaud, Antoine"]
[Result "0-1"]
[WhiteElo "1449"]
[BlackElo "1943"]
[WhiteFideId "36076627"]
[BlackFideId "45185484"]
[EventDate "2020.05.16"]

1. e4 c5 2. Nf3 Nc6 3. Bb5 d6 4. c3 e6 5. d3 Bd7 6. Bf4 e5 7. Bg5 Nf6 8. O-O Be7
9. c4 O-O 10. Nc3 Nd4 11. Bxd7 Qxd7 12. Bxf6 Bxf6 13. Nxd4 exd4 14. Nd5 Bd8 15.
f4 f5 16. e5 b5 17. Re1 dxe5 18. fxe5 bxc4 19. dxc4 Qc6 20. b3 Bg5 21. Qh5 Bd8
22. Rf1 g6 23. Qh3 Qe6 24. Rae1 Rc8 25. Nf4 Qc6 26. Qg3 Be7 27. Nd5 Rce8 28. e6
Bf6 29. Qf4 Rxe6 30. Nxf6+ Rfxf6 31. Rxe6 Rxe6 32. Qb8+ Re8 33. Qxa7 Qd6 34. a4
d3 35. a5 d2 36. Rd1 Re1+ 37. Kf2 Qf4# 0-1

[Event "ch-FRA Blitz Online Qual"]
[Site "Europe-Chess INT"]
[Date "2020.05.16"]
[Round "6"]
[White "Deschamps, Quentin"]
[Black "Grulier, Ernest"]
[Result "0-1"]
[WhiteElo "1908"]
[BlackElo "1469"]
[WhiteFideId "26010119"]
[BlackFideId "551048060"]
[EventDate "2020.05.16"]

1. e4 c5 2. Nf3 d6 3. d4 cxd4 4. Nxd4 Nf6 5. Nc3 a6 6. Bg5 e6 7. f4 h6 8. Bxf6
Qxf6 9. g3 g6 10. Bg2 Bg7 11. Nb3 Qe7 12. O-O Nd7 13. Qd3 h5 14. Rad1 d5 15.
exd5 Nc5 16. d6 Nxd3 17. dxe7 Nxb2 18. Rd8+ Kxe7 19. Rxh8 Bxh8 20. Ne4 Rb8 21.
Rb1 Nc4 22. Re1 b5 23. Nec5 a5 24. Bf1 a4 25. Bxc4 bxc4 26. Na5 Bd4+ 27. Kh1
Bxc5 28. Nc6+ Kd6 29. Nxb8 Bb7+ 30. Re4 Bxe4# 0-1

[Event "ch-FRA Blitz Online Qual"]
[Site "Europe-Chess INT"]
[Date "2020.05.16"]
[Round "6"]
[White "Berthaut, Alexandre"]
[Black "Morais, Thomas"]
[Result "0-1"]
[WhiteElo "1924"]
[BlackElo "1710"]
[WhiteFideId "26080192"]
[BlackFideId "36034703"]
[EventDate "2020.05.16"]

1. e4 c5 2. Nf3 e6 3. g3 a6 4. Bg2 b5 5. O-O Bb7 6. d4 cxd4 7. Nxd4 Nf6 8. Nc3
Qc7 9. Re1 d6 10. Nd5 Nxd5 11. exd5 e5 12. f4 Nd7 13. fxe5 dxe5 14. Nc6 Bc5+ 15.
Kh1 Bxc6 16. dxc6 Nb8 17. Qh5 Nxc6 18. Bf4 Bd6 19. Qf3 Rc8 20. Qxc6+ Qxc6 21.
Bxc6+ Rxc6 22. Bxe5 Bxe5 23. Rxe5+ Re6 24. Rae1 Ke7 25. Kg2 Rd8 26. Rxe6+ fxe6
27. Re2 Rf8 28. Rd2 e5 29. a4 bxa4 30. Rd5 Rb8 31. Rxe5+ Kf6 32. Ra5 Rxb2 33.
Rxa6+ Kf5 34. Ra5+ Kf6 35. Ra6+ Kf5 36. Ra5+ Kf6 37. Rxa4 Rxc2+ 38. Kf3 Rxh2 39.
Kg4 h5+ 40. Kf4 g5+ 41. Ke4 Re2+ 42. Kf3 Re5 43. Ra6+ Kf5 44. Rh6 g4+ 45. Kf2
Kg5 46. Rh8 Rf5+ 47. Kg2 Rf6 48. Rg8+ Kf5 49. Ra8 Kg5 50. Rg8+ Rg6 51. Ra8 Rb6
52. Ra5+ Kg6 53. Kf2 Rb2+ 54. Ke3 Rb3+ 55. Kf4 Rb4+ 56. Ke5 Rb3 57. Kf4 Rf3+ 58.
Ke5 Rxg3 59. Ra6+ Kg5 60. Ra8 Rf3 61. Rg8+ Kh4 62. Rh8 g3 63. Ke4 Rf7 64. Rg8
Kh3 65. Ke3 g2 66. Ke2 h4 67. Rh8 g1=Q 68. Rxh4+ Kxh4 69. Kd3 Qd1+ 70. Kc3 Rc7+
71. Kb4 Qb1+ 72. Ka3 Ra7# 0-1

[Event "ch-FRA Blitz Online Qual"]
[Site "Europe-Chess INT"]
[Date "2020.05.16"]
[Round "6"]
[White "Spano, Remy"]
[Black "Mataigne, Jean-Michel"]
[Result "1-0"]
[WhiteElo "1662"]
[BlackElo "1900"]
[WhiteFideId "26092948"]
[BlackFideId "618250"]
[EventDate "2020.05.16"]

1. e4 d6 2. Bc4 Nf6 3. Qe2 Nc6 4. Nf3 Bg4 5. c3 Ne5 6. d4 Bxf3 7. gxf3 Nxc4 8.
Qxc4 c6 9. Bg5 g6 10. Qe2 Bg7 11. Nd2 O-O 12. Qe3 b5 13. Bh6 e5 14. Bg5 Qb6 15.
dxe5 Qxe3+ 16. Bxe3 dxe5 17. O-O-O a5 18. Nb3 a4 19. Nc5 a3 20. b3 Nh5 21. Rd6
Rfc8 22. Rhd1 Nf4 23. Nd7 Rd8 24. Bb6 Rdc8 25. Be3 Ne6 26. Nb6 Rd8 27. Nxa8 Rxd6
28. Rxd6 Bf8 29. Rxc6 Kg7 30. Nc7 Nxc7 31. Rxc7 b4 32. cxb4 Bxb4 33. Bc5 Bc3 34.
Bxa3 Bd4 35. Bd6 h5 36. Re7 Kf6 37. Rc7 Ke6 38. Bb4 f5 39. exf5+ 1-0

[Event "ch-FRA Blitz Online Qual"]
[Site "Europe-Chess INT"]
[Date "2020.05.16"]
[Round "6"]
[White "Sudholt, Mario"]
[Black "Goulesque, Camille"]
[Result "0-1"]
[WhiteElo "1483"]
[BlackElo "1899"]
[WhiteFideId "551039877"]
[BlackFideId "26086140"]
[EventDate "2020.05.16"]

1. e4 g6 2. d4 Bg7 3. Nf3 d5 4. exd5 Qxd5 5. h3 Nf6 6. Nc3 Qa5 7. Bd2 c6 8. Bc4
O-O 9. O-O Qc7 10. Re1 Bf5 11. a3 Nd5 12. Bb3 Bc8 13. Rc1 e6 14. Nxd5 exd5 15.
Ne5 Nd7 16. Bf4 Nxe5 17. dxe5 Be6 18. c3 Qe7 19. Qd2 Rfe8 20. Bg5 Qc5 21. Bf6
Qb6 22. Ba2 Rac8 23. h4 h5 24. Re2 Bg4 25. Re3 Bh6 26. Bg5 Bxg5 27. hxg5 Be6 28.
Rce1 Rcd8 29. Bb1 c5 30. Rf3 d4 31. Qf4 Bd5 32. Be4 Be6 33. Qf6 Bc4 34. Qxb6
axb6 35. Bxb7 d3 36. Bc6 d2 37. Rd1 Rxe5 38. Ba4 Be2 39. Re3 Rxe3 40. fxe3 Bxd1
41. Bxd1 Kf8 42. Kf2 Ke7 43. Ke2 Ke6 44. Bc2 Ke5 45. g3 f6 46. Bxg6 d1=Q+ 0-1

[Event "ch-FRA Blitz Online Qual"]
[Site "Europe-Chess INT"]
[Date "2020.05.16"]
[Round "6"]
[White "Martin, Nils"]
[Black "Belattar, Salah-Eddine"]
[Result "1/2-1/2"]
[WhiteElo "1639"]
[BlackElo "1886"]
[WhiteFideId "45160473"]
[BlackFideId "9001468"]
[EventDate "2020.05.16"]

1. e4 c5 2. Nf3 Nc6 3. Bb5 g6 4. c3 Bg7 5. d4 cxd4 6. cxd4 Nf6 7. Nc3 d6 8. O-O
O-O 9. Re1 a6 10. Bf1 b5 11. Be3 Bb7 12. a3 Rc8 13. Rc1 Ng4 14. Bf4 Nf6 15. Qd2
e6 16. Bh6 Qe7 17. Bxg7 Kxg7 18. d5 Ne5 19. Nxe5 dxe5 20. dxe6 Qxe6 21. Red1
Nxe4 22. Nxe4 Bxe4 23. Rxc8 Rxc8 24. Re1 Bb7 25. f4 e4 26. Qd4+ Kg8 27. Bd3 Qg4
28. Bxe4 Bxe4 29. Qxe4 Rd8 30. Qe3 Qd7 31. Kf2 Qd4 32. Qxd4 Rxd4 33. g3 Kg7 34.
Re2 Rd3 35. Re3 Rd2+ 36. Re2 Rd3 37. Re3 Rd4 38. Re2 Kf6 39. h3 a5 40. Re1 b4
41. axb4 axb4 42. Re2 Rc4 43. Re3 Rc2+ 44. Re2 b3 45. Ke1 Rc1+ 46. Kf2 Rc2 47.
Ke3 Rc1 48. Kf2 Kf5 49. Re5+ Kf6 50. Re2 1/2-1/2

[Event "ch-FRA Blitz Online Qual"]
[Site "Europe-Chess INT"]
[Date "2020.05.16"]
[Round "6"]
[White "Percheron, Andre"]
[Black "Barrera, Armando"]
[Result "0-1"]
[WhiteElo "1846"]
[BlackElo "1486"]
[WhiteFideId "20607091"]
[BlackFideId "551036657"]
[EventDate "2020.05.16"]

1. Nf3 c5 2. c4 Nc6 3. b3 e6 4. Bb2 d5 5. cxd5 exd5 6. d4 Nf6 7. g3 Bd6 8. Bg2
O-O 9. O-O Bg4 10. dxc5 Bxc5 11. Nbd2 Re8 12. e3 Ne4 13. Qc2 Bb6 14. Nxe4 dxe4
15. Qc3 f6 16. Nd2 Ba5 17. Qc4+ Be6 18. Qb5 Qxd2 19. Qxb7 Qxb2 20. Qxc6 Bb6 21.
Bxe4 Rac8 22. Qb5 Bh3 23. Rfd1 Rxe4 24. Qd5+ Re6 25. Qb7 Rce8 26. Rab1 Qe2 27.
Rd7 Qg4 28. Rc1 Rxe3 29. Rdd1 R3e7 30. Qd5+ Qe6 31. Qh5 Bg4 32. Qh4 Bxd1 33.
Rxd1 Qe2 0-1

[Event "ch-FRA Blitz Online Qual"]
[Site "Europe-Chess INT"]
[Date "2020.05.16"]
[Round "6"]
[White "Frey, Thierry"]
[Black "Drieu, Hugo"]
[Result "0-1"]
[WhiteElo "1792"]
[BlackElo "1425"]
[WhiteFideId "1317709"]
[BlackFideId "45170738"]
[EventDate "2020.05.16"]

1. e4 e5 2. Nf3 Nc6 3. Bb5 a6 4. Ba4 d6 5. O-O g6 6. d4 b5 7. Bb3 Bg7 8. Bd5
Nge7 9. dxe5 dxe5 10. Bg5 f6 11. Be3 Nxd5 12. exd5 Ne7 13. a4 Bb7 14. axb5 axb5
15. Nc3 Rxa1 16. Qxa1 Nxd5 17. Nxb5 Nxe3 18. fxe3 O-O 19. Qa2+ Bd5 20. c4 Be6
21. b3 e4 22. Nfd4 Qd7 23. Qa7 Rc8 24. Qc5 c6 25. Nc3 Bf8 26. Qa5 c5 27. Ndb5
Qd3 28. Qa1 Qxe3+ 29. Kh1 Rd8 30. Qe1 Qxe1 31. Rxe1 f5 32. Nc7 Kf7 33. N7d5 Bxd5
34. Nxd5 Bg7 35. Rd1 Rb8 36. Nc7 Rxb3 37. Na6 Rc3 38. Nxc5 Rxc4 39. Nb3 Bf6 40.
Rd7+ Be7 41. Nd4 Ke8 42. Rd5 Rc1# 0-1

[Event "ch-FRA Blitz Online Qual"]
[Site "Europe-Chess INT"]
[Date "2020.05.16"]
[Round "6"]
[White "Bag, Ayoub"]
[Black "Pigeat, Benoit"]
[Result "1-0"]
[WhiteElo "1467"]
[BlackElo "1873"]
[WhiteFideId "551012308"]
[BlackFideId "20643390"]
[EventDate "2020.05.16"]

1. e4 e6 2. d4 d5 3. exd5 exd5 4. Nf3 c6 5. Bd3 Nf6 6. O-O Be7 7. h3 O-O 8. Bf4
h6 9. Nbd2 Bd6 10. Bxd6 Qxd6 11. c3 Be6 12. Re1 Nbd7 13. Qc2 Rfe8 14. Re2 b5 15.
b4 Re7 16. Rae1 Rae8 17. Nb3 Qf4 18. Qd2 Nh5 19. Qxf4 Nxf4 20. Bc2 Nxe2+ 21.
Rxe2 g6 22. Ne5 Nxe5 23. Rxe5 Bd7 24. f4 f6 25. Rxe7 Rxe7 26. Nc5 Be8 27. Kf2
Kf7 28. g3 Bd7 29. h4 Bg4 30. Bd3 h5 31. a3 Bd1 32. Bf1 a5 33. bxa5 Ra7 34. a6
Ke7 35. Bd3 f5 36. Ke3 Kd6 37. Kd2 Bf3 38. Kc2 Kc7 39. a4 Kb6 40. axb5 cxb5 41.
Bf1 Be4+ 42. Kb2 Rc7 43. Kc1 Ka5 44. Kb2 Kb6 45. Kc1 Rxc5 46. dxc5+ Kxa6 47. Kd2
Ka5 48. Ke3 b4 49. cxb4+ Kxb4 50. Kd4 Ka5 51. Be2 Bg2 52. Bd1 Kb5 53. Bb3 Kc6
54. Ba4+ Kc7 55. Be8 Be4 56. Bxg6 Kd7 57. Bxh5 Kc6 58. Bf7 Bf3 59. h5 1-0

[Event "ch-FRA Blitz Online Qual"]
[Site "Europe-Chess INT"]
[Date "2020.05.16"]
[Round "6"]
[White "Dimey, Cyrille"]
[Black "Inventar, Alexandre"]
[Result "0-1"]
[WhiteElo "1871"]
[BlackElo "1437"]
[WhiteFideId "20658273"]
[BlackFideId "36054100"]
[EventDate "2020.05.16"]

1. d4 d6 2. c4 Nd7 3. Nf3 e5 4. d5 Ngf6 5. Nc3 Be7 6. e4 c6 7. Bd3 h6 8. h3 Nc5
9. Be3 Nxd3+ 10. Qxd3 Qc7 11. Rc1 Bd7 12. O-O O-O 13. b4 Rfc8 14. Rfd1 Nh5 15.
c5 cxd5 16. exd5 Nf4 17. Bxf4 exf4 18. Ne4 Bf5 19. cxd6 Qxc1 20. Rxc1 Rxc1+ 21.
Kh2 Bxd6 22. Qd2 Bxe4 23. Qxc1 Rd8 24. Qc4 Bf5 25. Nh4 Bh7 26. g3 g5 27. Ng2 f3
28. Ne3 Re8 29. Qb5 Re7 30. a4 Kg7 31. Qc4 Be4 32. Qc3+ f6 33. b5 b6 34. Qc6 Bc5
35. Qa8 Bxe3 36. fxe3 Re5 37. Qxa7+ Kg6 38. Qxb6 Rxd5 39. Kg1 Rf5 40. Kf2 Rd5
41. Qb8 Rd2+ 42. Kf1 Bd3+ 43. Ke1 Re2+ 44. Kd1 f2 45. Qg8+ Kf5 46. Qh7+ Ke6 47.
Qg8+ Kf5 48. Qc8+ Ke5 49. Qe8+ Kd5 50. Qf7+ Kc5 51. Qxf6 Ra2 52. Qe5+ Kb6 53.
Qb8+ Ka5 54. Qa7+ Kb4 55. Qd4+ Bc4 56. Qd6+ Kxa4 57. Qf6 f1=Q+ 58. Qxf1 Bxf1 0-1

[Event "ch-FRA Blitz Online Qual"]
[Site "Europe-Chess INT"]
[Date "2020.05.16"]
[Round "6"]
[White "Naillou, Thomas"]
[Black "Stajkovski, Stefan"]
[Result "1-0"]
[WhiteElo "2072"]
[BlackElo "1428"]
[WhiteFideId "36009741"]
[BlackFideId "551053250"]
[EventDate "2020.05.16"]

1. e4 c5 2. d4 cxd4 3. c3 dxc3 4. Nxc3 Nc6 5. Bc4 e6 6. Nf3 a6 7. O-O Qc7 8. Qe2
Bd6 9. Rd1 Nge7 10. Bg5 Ng6 11. Rac1 h6 12. Be3 O-O 13. Bb3 Nf4 14. Bxf4 Bxf4
15. Rc2 b5 16. a3 Bb7 17. Nd5 exd5 18. exd5 Rfe8 19. Qd3 Rad8 20. Qf5 Be5 21.
dxc6 dxc6 22. Rxd8 Rxd8 23. Qxf7+ Qxf7 24. Bxf7+ Kxf7 25. Nxe5+ Kg8 26. f4 Rd5
27. Nxc6 Rd1+ 28. Kf2 Rh1 29. h3 Kf7 30. Ne5+ Kf6 31. Rc7 Be4 32. Rf7+ Ke6 33.
Rxg7 Rb1 34. b4 Rb2+ 35. Ke3 Bxg2 36. Rg6+ Kf5 37. Rxa6 Bxh3 38. Nd3 Rb3 39. Kd4
Bf1 40. Nc5 Rf3 41. Ra8 Rxf4+ 42. Kc3 Kg4 43. Rg8+ Kh3 44. Rh8 Rf6 45. Ne4 Rc6+
46. Kd4 Kg4 47. Nd2 Bg2 48. Rg8+ Kh3 49. Ke3 h5 50. Kf2 Rf6+ 51. Kg1 Bc6 52. Nf1
h4 53. Ne3 Re6 54. Kf2 Kh2 55. Rh8 h3 56. Ng4+ 1-0

[Event "ch-FRA Blitz Online Qual"]
[Site "Europe-Chess INT"]
[Date "2020.05.16"]
[Round "6"]
[White "Sureau, Corentin"]
[Black "Quartararo, Pierre"]
[Result "1-0"]
[WhiteElo "1686"]
[BlackElo "1909"]
[WhiteFideId "36067687"]
[BlackFideId "614491"]
[EventDate "2020.05.16"]

1. e4 c5 2. Nf3 d6 3. d4 cxd4 4. Nxd4 Nf6 5. Nc3 a6 6. Be3 Qc7 7. f3 e5 8. Nb3
Be7 9. Qd2 O-O 10. Nd5 Nxd5 11. exd5 f5 12. c4 f4 13. Bf2 Bf5 14. Bd3 Nd7 15.
O-O b6 16. Rac1 Nc5 17. Nxc5 bxc5 18. Qc2 Qd7 19. a3 Rf6 20. Bh4 Raf8 21. Bxf6
Rxf6 22. b4 cxb4 23. axb4 Bxd3 24. Qxd3 Rg6 25. c5 Qh3 26. Rf2 Bh4 27. Ra2 h5
28. Qxg6 Qd7 29. Qe6+ Qxe6 30. dxe6 Kf8 31. cxd6 1-0

[Event "ch-FRA Blitz Online Qual"]
[Site "Europe-Chess INT"]
[Date "2020.05.16"]
[Round "6"]
[White "Ghazaryan, Gor"]
[Black "Huynh, Nicolas"]
[Result "0-1"]
[WhiteElo "1431"]
[BlackElo "1836"]
[WhiteFideId "45137595"]
[BlackFideId "36081302"]
[EventDate "2020.05.16"]

1. e4 c5 2. f4 Nc6 3. g3 e6 4. Bg2 g6 5. Nc3 d6 6. d3 Bg7 7. Nf3 Nge7 8. O-O O-O
9. Be3 a6 10. Qd2 b5 11. Nh4 Nd4 12. f5 exf5 13. exf5 Ndxf5 14. Bxa8 Nxh4 15.
gxh4 Bh3 16. Bg2 Be6 17. Bh6 Nf5 18. Bxg7 Kxg7 19. Bd5 Bd7 20. Ne4 Qxh4 21. Qc3+
Nd4 22. Qd2 Bg4 23. Qf4 Ne2+ 24. Kh1 Nxf4 25. Rxf4 g5 26. Rf2 f5 27. Raf1 Bh3
28. Rg1 fxe4 29. Rxf8 Kxf8 30. Bxe4 Be6 31. Rf1+ Ke7 32. Bg2 Qd4 33. Rb1 Bd5 34.
c3 Bxg2+ 35. Kxg2 Qxd3 36. Re1+ Kf6 37. Rf1+ Kg6 38. Rf8 Kh5 39. Rh8 h6 40. Re8
Kg4 41. Kg1 Qc2 42. Re1 Qd2 43. Rf1 h5 44. Rf2 Qe3 45. Kg2 h4 46. Rf8 h3+ 47.
Kf1 Qd2 48. Rf2 Qd1# 0-1

[Event "ch-FRA Blitz Online Qual"]
[Site "Europe-Chess INT"]
[Date "2020.05.16"]
[Round "6"]
[White "Goyer, Lionel"]
[Black "Vanneste, Axel"]
[Result "0-1"]
[WhiteElo "1782"]
[BlackElo "1413"]
[WhiteFideId "20628706"]
[BlackFideId "36020192"]
[EventDate "2020.05.16"]

1. d4 e6 2. Nf3 d5 3. Bf4 Nf6 4. e3 Bb4+ 5. Nbd2 Nh5 6. Bg3 Nxg3 7. hxg3 Bd7 8.
a3 Be7 9. Bd3 c5 10. c3 Nc6 11. Qc2 h6 12. dxc5 Bxc5 13. Rc1 Qb6 14. O-O Ne7 15.
Ne5 Bc6 16. Nxc6 Nxc6 17. b4 Bd6 18. c4 Be7 19. cxd5 exd5 20. Qb3 O-O 21. Rfd1
d4 22. Nc4 Qc7 23. Na5 dxe3 24. Nxc6 bxc6 25. Qc2 exf2+ 26. Qxf2 a5 27. Qf5 g6
28. Qe4 Qxg3 29. Qxe7 Rfe8 30. Qc5 axb4 0-1

[Event "ch-FRA Blitz Online Qual"]
[Site "Europe-Chess INT"]
[Date "2020.05.16"]
[Round "6"]
[White "Giblin, Martin"]
[Black "Laville, Renaud"]
[Result "0-1"]
[WhiteElo "1428"]
[BlackElo "1774"]
[WhiteFideId "45187053"]
[BlackFideId "640247"]
[EventDate "2020.05.16"]

1. e4 c5 2. Nf3 Nc6 3. d4 cxd4 4. Nxd4 Nf6 5. Nc3 d6 6. Bc4 Qb6 7. Nxc6 bxc6 8.
Be3 Qxb2 9. Ne2 Qb4+ 10. c3 Qxc4 11. O-O Nxe4 12. Rb1 e6 13. Rb4 Nxc3 14. Rxc4
Nxd1 15. Rxd1 d5 16. Rxc6 Bd7 17. Ra6 Bb5 18. Rxa7 Rxa7 19. Bxa7 Bxe2 20. Rc1
Bc4 21. Rb1 g6 22. Rb8+ Kd7 23. Rb7+ Ke8 24. Rb8+ Ke7 25. Rb7+ Kf6 26. Bd4+ e5
27. Rb6+ Kf5 28. g4+ Ke4 29. Bc3 Bc5 30. Rc6 Bd4 31. Bb4 Ra8 32. a3 f5 33. gxf5
gxf5 34. Rh6 Rg8+ 35. Kh1 Be2 36. Rxh7 Bf3# 0-1

[Event "ch-FRA Blitz Online Qual"]
[Site "Europe-Chess INT"]
[Date "2020.05.16"]
[Round "6"]
[White "Carlier-Bromberg, Paul"]
[Black "Monmaille, Eric"]
[Result "1-0"]
[WhiteElo "1790"]
[BlackElo "1400"]
[WhiteFideId "36099155"]
[BlackFideId "26064529"]
[EventDate "2020.05.16"]

1. e4 c6 2. d4 d5 3. Nc3 dxe4 4. Nxe4 Bf5 5. Ng3 Bg6 6. f4 f5 7. Bd3 e6 8. Nf3
Nd7 9. O-O Ngf6 10. Re1 Bf7 11. Bxf5 Be7 12. Bxe6 O-O 13. Bxf7+ Rxf7 14. Ne5
Nxe5 15. dxe5 Nd5 16. Qf3 Qb6+ 17. Be3 Bc5 18. Bxc5 Qxc5+ 19. Qf2 Qxf2+ 20. Kxf2
Rxf4+ 21. Kg1 Raf8 22. e6 Ne7 23. Re2 R4f6 24. Rd1 Nd5 25. c4 Nf4 26. Re4 Nxe6
27. Nh5 Rg6 28. Rde1 Re8 29. Nf4 Rf6 30. Rxe6 Rxf4 31. Rxe8+ Kf7 32. R1e7+ Kf6
33. Rf8+ Kg6 34. Rxf4 h5 35. Re6+ Kg5 36. g3 g6 37. h4+ Kh6 38. Rf7 b5 39. Re8
bxc4 40. Rh8# 1-0

[Event "ch-FRA Blitz Online Qual"]
[Site "Europe-Chess INT"]
[Date "2020.05.16"]
[Round "6"]
[White "Eric Andriana, Fitia"]
[Black "LHeritier, Boris"]
[Result "1-0"]
[WhiteElo "1401"]
[BlackElo "1763"]
[WhiteFideId "36094366"]
[BlackFideId "26033003"]
[EventDate "2020.05.16"]

1. e4 g6 2. d3 Bg7 3. f4 c6 4. Nf3 d5 5. e5 Bg4 6. Be2 Nh6 7. h3 Bxf3 8. Bxf3 e6
9. Bd2 c5 10. Nc3 a6 11. Qe2 O-O 12. O-O-O b5 13. Rdg1 Nf5 14. g4 Nd4 15. Qf2
Nxf3 16. Qxf3 Nd7 17. h4 b4 18. Ne2 f6 19. exf6 Bxf6 20. h5 g5 21. Qg3 Qc7 22.
Qg2 h6 23. fxg5 Bxg5 24. Bxg5 hxg5 25. h6 c4 26. h7+ Kh8 27. dxc4 Qxc4 28. b3
Qc5 29. Qh2 Rf2 30. Rg2 Qe3+ 31. Kb2 Rxg2 32. Qxg2 Rc8 33. Re1 Nb6 34. Qf1 Qe4
35. Ng3 Qd4+ 36. Kb1 Qc3 37. Rc1 d4 38. Nh5 d3 39. Qf6+ Qxf6 40. Nxf6 d2 41. Rd1
Kg7 42. Nh5+ Kxh7 43. Rxd2 Kg6 44. Re2 Kf7 45. Re5 Ke7 46. Rxg5 Nd5 47. Rg7+ Kf8
48. Rg5 Ne3 49. Re5 Nxc2 50. Rxe6 Nd4 51. Rxa6 Nf3 52. Rf6+ Ke7 53. Rxf3 Rg8 54.
Rf4 Ke6 55. Rxb4 Kd6 56. Kc2 Kc5 57. Rf4 Kd5 58. a4 Ke5 59. a5 Rc8+ 60. Kb2 Ra8
61. b4 Rb8 62. Ka3 Rd8 63. Rf3 Rg8 64. Nf6 Rg7 65. Rf5+ Ke6 66. b5 Rf7 67. b6 1-0

[Event "ch-FRA Blitz Online Qual"]
[Site "Europe-Chess INT"]
[Date "2020.05.16"]
[Round "6"]
[White "Daunay, Gabriel"]
[Black "Galhaud, Jean-Philippe"]
[Result "1-0"]
[WhiteElo "1701"]
[BlackElo "1749"]
[WhiteFideId "45103321"]
[BlackFideId "26001349"]
[EventDate "2020.05.16"]

1. e4 c5 2. Nf3 Nc6 3. Bb5 g6 4. O-O Bg7 5. Re1 Nf6 6. e5 Nd5 7. Nc3 Nc7 8. Bxc6
dxc6 9. Ne4 b6 10. Nf6+ Kf8 11. Ne4 Bg4 12. d3 Ne6 13. h3 Bxf3 14. Qxf3 Bxe5 15.
Nxc5 Nd4 16. Qd1 Bf6 17. Ne4 Kg7 18. c3 Nf5 19. Nxf6 exf6 20. d4 Re8 21. Bf4 Ne7
22. Qf3 Nd5 23. Bg3 Qd7 24. Bh4 Re6 25. Rxe6 Qxe6 26. c4 Ne7 27. Qc3 Nf5 28. Re1
Qd7 29. Bg3 Nxg3 30. fxg3 Re8 31. Rxe8 Qxe8 32. Kf2 Qe4 33. Qe3 Qc2+ 34. Qe2 Qb1
35. a3 Qf5+ 36. Kg1 Qe6 37. Qd2 Qxc4 38. Kh2 Qd5 39. b4 c5 40. bxc5 bxc5 41. Qa5
cxd4 42. Qxd5 1-0

[Event "ch-FRA Blitz Online Qual"]
[Site "Europe-Chess INT"]
[Date "2020.05.16"]
[Round "6"]
[White "Bourgeois, Ludovic"]
[Black "Gilles, Francois"]
[Result "1-0"]
[WhiteElo "1748"]
[BlackElo "1637"]
[WhiteFideId "690678"]
[BlackFideId "654663"]
[EventDate "2020.05.16"]

1. d4 d5 2. Nf3 Nf6 3. e3 e6 4. Bd3 c5 5. b3 Be7 6. Bb2 Nc6 7. Nbd2 O-O 8. O-O
h6 9. Ne5 Nd7 10. f4 f6 11. Ng6 Rf7 12. Qg4 Nf8 13. Rf3 e5 14. Nxe7+ Qxe7 15. f5
e4 16. Nxe4 dxe4 17. Bxe4 Nh7 18. Bd5 Ng5 19. Rg3 cxd4 20. h4 Nh7 21. Qxg7# 1-0

[Event "ch-FRA Blitz Online Qual"]
[Site "Europe-Chess INT"]
[Date "2020.05.16"]
[Round "6"]
[White "Janon, Nicolas"]
[Black "Herbin, Alexandre"]
[Result "0-1"]
[WhiteElo "1392"]
[BlackElo "1869"]
[WhiteFideId "36039136"]
[BlackFideId "36047783"]
[EventDate "2020.05.16"]

1. e4 c5 2. Nf3 Nc6 3. d4 cxd4 4. Nxd4 g6 5. Be3 Bg7 6. c3 Nf6 7. Nd2 O-O 8.
Nxc6 bxc6 9. Bd3 d5 10. O-O a5 11. exd5 cxd5 12. Nf3 Ba6 13. Bb5 Bxb5 14. a4
Bxf1 15. Kxf1 e6 16. Qc2 Nd7 17. Rd1 Ne5 18. Nxe5 Bxe5 19. Bd4 Bxd4 20. Rxd4 Rb8
21. h4 Qb6 22. b4 axb4 23. Rxb4 Qc5 24. Rd4 Rfc8 25. Rd3 d4 26. Qd2 dxc3 27.
Rxc3 Qxc3 28. Qxc3 Rxc3 0-1

[Event "ch-FRA Blitz Online Qual"]
[Site "Europe-Chess INT"]
[Date "2020.05.16"]
[Round "6"]
[White "Le Bail, Stephane"]
[Black "Toussaint, Florent"]
[Result "0-1"]
[WhiteElo "1746"]
[BlackElo "1391"]
[WhiteFideId "655368"]
[BlackFideId "36088730"]
[EventDate "2020.05.16"]

1. d4 Nf6 2. Bf4 d5 3. e3 Bf5 4. Bd3 Bg6 5. Nf3 e6 6. h3 Bd6 7. Bg5 Bxd3 8. Qxd3
h6 9. Bh4 g5 10. Bg3 Bxg3 11. fxg3 Nbd7 12. Nbd2 c6 13. O-O-O Qc7 14. Nb3 Qxg3
15. Qe2 Ne4 16. Nbd2 Qf2 17. Rhe1 Qxe2 18. Rxe2 Ndf6 19. g4 Rc8 20. Ne5 Ke7 21.
Ndf3 c5 22. dxc5 Rxc5 23. Nd4 Rhc8 24. c3 Ne8 25. Nb3 R5c7 26. Nd3 b5 27. a3
N8d6 28. Nf2 Nxf2 29. Rxf2 Nc4 30. Re2 a5 31. Nd4 b4 32. axb4 axb4 33. e4 bxc3
34. bxc3 Nb6 35. Nb5 Rc5 36. Rb2 Na4 37. Rb3 dxe4 38. Kc2 Rb8 39. Nd4 Rxb3 40.
Nxb3 Rxc3+ 41. Kd2 Rxb3 42. Ra1 Rd3+ 43. Ke2 Nc5 44. Ra7+ Kf6 45. Ra5 Nb3 46.
Ra4 Nc1+ 47. Ke1 Ke5 48. Ra5+ Kf4 49. Ra4 Re3+ 50. Kd1 Nd3 51. Kd2 Rxh3 52. Rd4
Rh4 53. Rd7 f5 54. gxf5 exf5 55. Rf7 g4 56. Ke2 g3 57. Kf1 Rg4 58. Kg2 Ne1+ 59.
Kf1 g2+ 60. Kg1 Nf3+ 61. Kf2 g1=Q+ 62. Ke2 Nd4+ 63. Kd2 Qe3+ 64. Kd1 Rg1# 0-1